<?xml version="1.0" encoding="UTF-8"?>
<record
    xmlns:xsi="http://www.w3.org/2001/XMLSchema-instance"
    xsi:schemaLocation="http://www.loc.gov/MARC21/slim http://www.loc.gov/standards/marcxml/schema/MARC21slim.xsd"
    xmlns="http://www.loc.gov/MARC21/slim">

  <leader>00398nam a22001577a 4500</leader>
  <controlfield tag="005">20250204105511.0</controlfield>
  <controlfield tag="008">241127b        |||||||| |||| 00| 0 eng d</controlfield>
  <datafield tag="020" ind1=" " ind2=" ">
    <subfield code="a">978-93-5138-042-9</subfield>
  </datafield>
  <datafield tag="041" ind1=" " ind2=" ">
    <subfield code="a">eng</subfield>
  </datafield>
  <datafield tag="100" ind1=" " ind2=" ">
    <subfield code="a">Prasad B</subfield>
    <subfield code="9">109039</subfield>
  </datafield>
  <datafield tag="245" ind1=" " ind2=" ">
    <subfield code="a">English Literature</subfield>
  </datafield>
  <datafield tag="250" ind1=" " ind2=" ">
    <subfield code="a">Revised Edi.</subfield>
  </datafield>
  <datafield tag="260" ind1=" " ind2=" ">
    <subfield code="a">New Delhi</subfield>
    <subfield code="b">Triunity Press,  Laxmi Publication</subfield>
    <subfield code="c">2025</subfield>
  </datafield>
  <datafield tag="300" ind1=" " ind2=" ">
    <subfield code="a">284p</subfield>
  </datafield>
  <datafield tag="942" ind1=" " ind2=" ">
    <subfield code="c">BK</subfield>
  </datafield>
  <datafield tag="999" ind1=" " ind2=" ">
    <subfield code="c">362237</subfield>
    <subfield code="d">362237</subfield>
  </datafield>
  <datafield tag="952" ind1=" " ind2=" ">
    <subfield code="0">0</subfield>
    <subfield code="1">0</subfield>
    <subfield code="2">ddc</subfield>
    <subfield code="4">0</subfield>
    <subfield code="7">0</subfield>
    <subfield code="8">BA</subfield>
    <subfield code="a">BCAS</subfield>
    <subfield code="b">BCAS</subfield>
    <subfield code="d">2024-11-19</subfield>
    <subfield code="g">289.00</subfield>
    <subfield code="i">368</subfield>
    <subfield code="l">1</subfield>
    <subfield code="o">PRA</subfield>
    <subfield code="p">BCAS-B-1012</subfield>
    <subfield code="r">2024-12-11 00:00:00</subfield>
    <subfield code="s">2024-12-11</subfield>
    <subfield code="w">2024-11-19</subfield>
    <subfield code="y">BK</subfield>
    <subfield code="z">B01012</subfield>
  </datafield>
  <datafield tag="952" ind1=" " ind2=" ">
    <subfield code="0">0</subfield>
    <subfield code="1">0</subfield>
    <subfield code="2">ddc</subfield>
    <subfield code="4">0</subfield>
    <subfield code="7">0</subfield>
    <subfield code="8">BA</subfield>
    <subfield code="a">BCAS</subfield>
    <subfield code="b">BCAS</subfield>
    <subfield code="d">2024-11-19</subfield>
    <subfield code="g">289.00</subfield>
    <subfield code="i">368</subfield>
    <subfield code="o">PRA</subfield>
    <subfield code="p">BCAS-B-1013</subfield>
    <subfield code="r">2024-11-27 00:00:00</subfield>
    <subfield code="w">2024-11-19</subfield>
    <subfield code="y">BK</subfield>
    <subfield code="z">B01013</subfield>
  </datafield>
  <datafield tag="952" ind1=" " ind2=" ">
    <subfield code="0">0</subfield>
    <subfield code="1">0</subfield>
    <subfield code="2">ddc</subfield>
    <subfield code="4">0</subfield>
    <subfield code="7">0</subfield>
    <subfield code="8">BA</subfield>
    <subfield code="a">BCAS</subfield>
    <subfield code="b">BCAS</subfield>
    <subfield code="d">2024-11-19</subfield>
    <subfield code="g">289.00</subfield>
    <subfield code="i">368</subfield>
    <subfield code="o">PRA</subfield>
    <subfield code="p">BCAS-B-1014</subfield>
    <subfield code="r">2024-11-27 00:00:00</subfield>
    <subfield code="w">2024-11-19</subfield>
    <subfield code="y">BK</subfield>
    <subfield code="z">B01014</subfield>
  </datafield>
  <datafield tag="952" ind1=" " ind2=" ">
    <subfield code="0">0</subfield>
    <subfield code="1">0</subfield>
    <subfield code="2">ddc</subfield>
    <subfield code="4">0</subfield>
    <subfield code="7">0</subfield>
    <subfield code="8">BA</subfield>
    <subfield code="a">BCAS</subfield>
    <subfield code="b">BCAS</subfield>
    <subfield code="d">2024-11-19</subfield>
    <subfield code="g">289.00</subfield>
    <subfield code="i">368</subfield>
    <subfield code="l">1</subfield>
    <subfield code="o">PRA</subfield>
    <subfield code="p">BCAS-B-1015</subfield>
    <subfield code="q">2025-12-24</subfield>
    <subfield code="r">2025-06-27 00:00:00</subfield>
    <subfield code="s">2025-06-27</subfield>
    <subfield code="w">2024-11-19</subfield>
    <subfield code="y">BK</subfield>
    <subfield code="z">B01015</subfield>
  </datafield>
  <datafield tag="952" ind1=" " ind2=" ">
    <subfield code="0">0</subfield>
    <subfield code="1">0</subfield>
    <subfield code="2">ddc</subfield>
    <subfield code="4">0</subfield>
    <subfield code="7">0</subfield>
    <subfield code="8">BA</subfield>
    <subfield code="a">BCAS</subfield>
    <subfield code="b">BCAS</subfield>
    <subfield code="d">2024-11-19</subfield>
    <subfield code="g">289.00</subfield>
    <subfield code="i">368</subfield>
    <subfield code="o">PRA </subfield>
    <subfield code="p">BCAS-B-1016</subfield>
    <subfield code="r">2024-11-27 00:00:00</subfield>
    <subfield code="w">2024-11-19</subfield>
    <subfield code="y">BK</subfield>
    <subfield code="z">B01016</subfield>
  </datafield>
</record>
